Maurice "Rocket" Richard Trophy Winners - Statistics

General Stats
  • This quiz has been taken 254 times
    53 since last reset
  • The average score is 22 of 31
Answer Stats
Year Goals Scored Winner % Correct
2023 64 Connor McDavid
100%
2017 44 Sidney Crosby
97%
2010 51 Sidney Crosby
97%
2020 48 Alexander Ovechkin
94%
2019 51 Alexander Ovechkin
94%
2018 49 Alexander Ovechkin
94%
2016 50 Alexander Ovechkin
94%
2015 53 Alexander Ovechkin
94%
2014 51 Alexander Ovechkin
94%
2013 32 Alexander Ovechkin
94%
2009 56 Alexander Ovechkin
94%
2008 65 Alexander Ovechkin
94%
2026 53 Nathan MacKinnon
92%
2024 69 Auston Matthews
86%
2022 60 Auston Matthews
86%
2021 41 Auston Matthews
86%
2025 52 Leon Draisaitl
78%
2012 60 Steven Stamkos
61%
2010 51 Steven Stamkos
61%
2011 50 Corey Perry
53%
2020 48 David Pastrňák
53%
2004 41 Jarome Iginla
44%
2002 52 Jarome Iginla
44%
2004 41 Rick Nash
42%
1999 47 Teemu Selanne
42%
2006 56 Jonathan Cheechoo
39%
2004 41 Ilya Kovalchuk
36%
2001 59 Pavel Bure
31%
2000 58 Pavel Bure
31%
2007 52 Vincent Lecavalier
31%
2003 50 Milan Hejduk
22%
No matching quizzes found
Score Distribution
Percent of People with Each Score
Percentile by Number Answered
Your Score History
You have not taken this quiz since the last reset